The Americas Micronations - Statistics

General Stats
  • This quiz has been taken 64 times
  • The average score is 10 of 11
Answer Stats
Population Countries % Correct
172,000 Saint Lucia
96%
283,000 Barbados
94%
379,000 Bahamas
92%
104,000 Grenada
92%
46,000 Saint Kitts and Nevis
92%
110,000 Saint Vincent and the Grenadines
92%
89,000 Antigua and Barbuda
91%
369,000 Belize
91%
71,000 Dominica
91%
560,000 Suriname
81%
747,000 Guyana
79%
No matching quizzes found
Score Distribution
Percent of People with Each Score
Percentile by Number Answered
Your Score History
You have not taken this quiz